000 00475nam a2200157 4500
001 123120
003 ES-MaACL
005 20230906192120.0
007 t|
008 070214s1966 sp r ||||0| spa d
245 0 0 _aLo que se ha dicho de la guerra y de la paz /
_crecopilación y selección por Jorge Sintes Pros.
260 _aBarcelona :
_bSintes,
_c1966.
300 _a230 p ;
_c17 cm.
700 1 _aSintes Pros, Jorge.
_9106654
852 _aES-MaACL
_jC-30626
_bR.70274
999 _c123120
_d123120